[Event "POLFINAL MISTRZOSTW POLSKI JUNIOROW 2019 - C17"]
[Site "Ustron"]
[Date "1899-12-30"]
[Round "1.1"]
[White "Maciejewski, Kamil"]
[Black "Kukula, Karol"]
[Result "1-0"]
[WhiteTitle "I+"]
[BlackTitle "I"]
[WhiteElo "2007"]
[BlackElo "1757"]

1. Nf3 c5 2. g3 g6 3. Bg2 Bg7 4. c4 Nc6 5. Nc3 d6 6. O-O e5 7. Ne1 Nge7 8. Nc2
O-O 9. Ne3 f5 10. Ned5 Be6 11. d3 Qd7 12. a3 Kh8 13. Rb1 Rac8 14. Bd2 Bxd5 15.
Nxd5 Nxd5 16. Bxd5 f4 17. b4 cxb4 18. axb4 fxg3 19. hxg3 Ne7 20. Bg2 d5 21. cxd5
Nxd5 22. Qb3 Rfd8 23. Rbc1 Nb6 24. Kh2 Re8 25. Bh3 Qd6 26. Bxc8 Nxc8 27. Qf7 Rf8
28. Qxb7 Qe6 29. Rc7 Rg8 30. Bh6 Nd6 31. Bxg7+ Rxg7 32. Qb8+ Rg8 33. Qxa7 1-0

[Event "POLFINAL MISTRZOSTW POLSKI JUNIOROW 2019 - C17"]
[Site "Ustron"]
[Date "1899-12-30"]
[Round "1.2"]
[White "Grzegorski, Michal"]
[Black "Kulesza, Andrzej"]
[Result "0-1"]
[WhiteTitle "I"]
[BlackTitle "I+"]
[WhiteElo "1747"]
[BlackElo "1971"]

1. e4 c5 2. Nf3 a6 3. c4 e6 4. Nc3 Nc6 5. d4 cxd4 6. Nxd4 Qc7 7. Be3 Nf6 8. Be2
Bb4 9. Nxc6 bxc6 10. Qd4 Bb7 11. c5 a5 12. f4 O-O 13. g4 d5 14. cxd6 Bxd6 15.
g5 Ne8 16. O-O e5 17. Qd2 exf4 18. Bxf4 Bxf4 19. Rxf4 Qb6+ 20. Rf2 Rd8 21. Qc2
Nd6 22. e5 Nb5 23. Qb3 Qa7 24. Bc4 Ba8 25. Raf1 Kh8 26. Bxf7 Nd4 27. Qc4 Nf3+
28. Kg2 Nxe5 29. Qe6 Qe3 30. Re2 c5+ 31. Nd5 Bxd5+ 32. Qxd5 Qxe2+ 33. Rf2 Qg4+
0-1

[Event "POLFINAL MISTRZOSTW POLSKI JUNIOROW 2019 - C17"]
[Site "Ustron"]
[Date "1899-12-30"]
[Round "1.3"]
[White "Wierzbicki, Michal"]
[Black "Lambrecht, Tomasz"]
[Result "1/2-1/2"]
[WhiteTitle "I++"]
[BlackTitle "I"]
[WhiteElo "1969"]
[BlackElo "1745"]

1. d4 c5 2. d5 e5 3. e4 d6 4. a4 Be7 5. Nc3 a6 6. a5 Bg5 7. Nf3 Bxc1 8. Qxc1 Nh6
9. Bd3 O-O 10. O-O f5 11. exf5 Nxf5 12. Ng5 h6 13. Ne6 Bxe6 14. dxe6 Nc6 15. f4
Nfd4 16. Bc4 Kh8 17. fxe5 Nxe5 18. Rxf8+ Qxf8 19. Bd5 Qe7 20. Qd2 Nxe6 21. Ne2
Rf8 22. Rf1 Rxf1+ 23. Kxf1 Nd8 24. Kg1 Ndc6 25. Nf4 Qc7 26. Qe3 Qxa5 27. Ng6+
Kh7 28. Nf8+ Kh8 29. Ng6+ Kh7 30. Nf8+ Kh8 31. Ng6+ Kh7 32. Nf8+ Kh8 1/2-1/2

[Event "POLFINAL MISTRZOSTW POLSKI JUNIOROW 2019 - C17"]
[Site "Ustron"]
[Date "1899-12-30"]
[Round "1.4"]
[White "Golinski, Kacper"]
[Black "Cisek, Kamil"]
[Result "0-1"]
[WhiteTitle "I"]
[BlackTitle "I+"]
[WhiteElo "1736"]
[BlackElo "1963"]

1. e4 e5 2. Nf3 Nc6 3. Bb5 a6 4. Bxc6 dxc6 5. h3 Ne7 6. d4 exd4 7. Qxd4 Qxd4 8.
Nxd4 Ng6 9. Be3 c5 10. Nb3 b6 11. Nc3 Bb7 12. O-O-O Bd6 13. Nd5 O-O-O 14. a4 Rhe8
15. f3 Bxd5 16. Rxd5 Bf4 17. Rxd8+ Rxd8 18. Bxf4 Nxf4 19. Nd2 g6 20. g4 Rd4 21.
b3 b5 22. axb5 axb5 23. Rh2 Kd7 24. h4 Ke6 25. Kd1 Rd8 26. Kc1 Ke5 27. Kb2 Ne6
28. h5 Kf4 29. hxg6 hxg6 30. Kc1 Ng5 31. Rh1 Rd7 32. Rf1 Rd8 33. Rh1 Ke3 34. Re1+
Kf2 35. Rh1 Kg2 36. Rh6 Nxf3 37. Nb1 Kg3 38. Nc3 c6 39. Rh7 Ng5 40. Rg7 Kxg4 41.
Kb2 Kh5 0-1

[Event "POLFINAL MISTRZOSTW POLSKI JUNIOROW 2019 - C17"]
[Site "Ustron"]
[Date "1899-12-30"]
[Round "1.5"]
[White "Pytel, Maciej"]
[Black "Namyslak, Piotr"]
[Result "1/2-1/2"]
[WhiteTitle "k"]
[BlackTitle "I"]
[WhiteElo "1949"]
[BlackElo "1725"]

1. f4 d5 2. Nf3 c5 3. e3 Nc6 4. Bb5 Bd7 5. Bxc6 Bxc6 6. Ne5 Nf6 7. O-O Qc7 8. b3
e6 9. Bb2 Bd6 10. d3 O-O-O 11. Qe2 Rhg8 12. a4 Rdf8 13. Na3 a6 14. Nb5 Bxb5 15.
axb5 a5 16. b4 cxb4 17. c3 Kd8 18. Rfc1 Qb6 19. cxb4 axb4 20. Bd4 Qxb5 21. Ra7
Nd7 22. Qa2 Bxe5 23. fxe5 Ke7 24. Ra5 Qxd3 25. Qb2 f6 26. Qxb4+ Kf7 27. Ra3 Qe2
28. Qxb7 Rd8 29. Rac3 Kg6 30. Qb1+ f5 31. R1c2 Rb8 32. Qc1 Qg4 33. Rc7 Rgd8 34.
R2c6 Qe4 35. Rxe6+ Kf7 36. Rb6 Rxb6 37. Bxb6 Ke8 38. e6 Nxb6 39. Qc6+ Nd7 40.
exd7+ Kf7 41. Qc5 f4 42. Kf2 1/2-1/2

[Event "POLFINAL MISTRZOSTW POLSKI JUNIOROW 2019 - C17"]
[Site "Ustron"]
[Date "1899-12-30"]
[Round "1.6"]
[White "Bujalski, Mateusz"]
[Black "Grochol, Kamil"]
[Result "0-1"]
[WhiteTitle "I"]
[BlackTitle "I"]
[WhiteElo "1650"]
[BlackElo "1896"]

1. e4 c5 2. Nc3 Nc6 3. f4 g6 4. Nf3 Bg7 5. Bc4 d6 6. d3 e6 7. O-O Na5 8. Bb5+ Bd7
9. Bxd7+ Qxd7 10. Qe1 Ne7 11. Be3 Nac6 12. Rd1 Nd4 13. Qf2 Nec6 14. Rfe1 O-O 15.
Rd2 b6 16. Nd1 f5 17. c3 Nxf3+ 18. Qxf3 Rae8 19. Nf2 d5 20. Rdd1 d4 21. Bd2 e5
22. g3 exf4 23. gxf4 fxe4 24. dxe4 Qf7 25. Ra1 dxc3 26. bxc3 Ne5 27. Qe2 Nc4 28.
Nh3 Nxd2 29. Qxd2 Qc4 30. Re3 Rxe4 31. Rae1 Rxe3 32. Rxe3 h6 33. Qc2 Kh7 34. Re4
Qd5 35. Nf2 Qf5 36. Qd2 Qf6 37. c4 Rd8 38. Qe2 Rd4 39. Ng4 Qd6 40. Re7 Rd1+ 41.
Kg2 Rd2 42. Nf6+ Qxf6 43. Rxg7+ Kxg7 44. Qxd2 Qe6 45. Qc3+ Qf6 46. Qe3 g5 47.
fxg5 Qxg5+ 48. Qxg5+ hxg5 49. Kf3 Kf6 50. Ke4 Ke6 51. a3 Kf6 52. Kd5 g4 53. a4
Kg5 54. Kc6 Kh4 55. Kb7 Kh3 56. Kxa7 Kxh2 57. Kxb6 g3 58. Kxc5 g2 59. Kb6 g1=Q+
60. c5 Qd4 61. Kb5 Qd5 62. Kb6 Qb3+ 63. Kc7 Qxa4 64. c6 Kg3 65. Kb7 Qb5+ 66. Kc7
Kf4 67. Kd6 Qe5+ 68. Kd7 Qd5+ 69. Kc7 Ke5 0-1

[Event "POLFINAL MISTRZOSTW POLSKI JUNIOROW 2019 - C17"]
[Site "Ustron"]
[Date "1899-12-30"]
[Round "1.7"]
[White "Bojczewski, Mateusz"]
[Black "Sandomierski, Cyprian"]
[Result "1-0"]
[WhiteTitle "I+"]
[BlackTitle "I"]
[WhiteElo "1895"]
[BlackElo "1645"]

1. e4 e5 2. Nf3 Nc6 3. Bc4 Nf6 4. d3 Be7 5. O-O O-O 6. c3 d5 7. exd5 Nxd5 8. Bb5
Bg4 9. Bxc6 bxc6 10. h3 Bh5 11. g4 Bg6 12. Nxe5 Bd6 13. Nxc6 Qd7 14. Nd4 h5 15.
Qf3 hxg4 16. Qxg4 Qxg4+ 17. hxg4 Bxd3 18. Rd1 Rfe8 19. Bg5 Ba6 20. Nf5 Bf4 21.
Bh4 g6 22. Nd4 g5 23. Bg3 Bxg3 24. fxg3 Ne3 25. Rd2 c5 26. Nb3 Nxg4 27. Na3 Re3
28. Nxc5 Rxg3+ 29. Rg2 Rxg2+ 30. Kxg2 Bc8 31. Nb5 Rb8 32. Nd6 Ne3+ 33. Kf3 Nf5
34. Nxc8 Rxc8 35. Ne4 Rd8 36. Nxg5 Rd2 37. b4 Rc2 38. Ke4 Nd6+ 39. Kd5 Rd2+ 40.
Kc6 f6 41. Nf3 Rd3 42. Ne1 Rd2 43. a4 Ne4 44. Rc1 Rd6+ 45. Kb7 Rd7+ 46. Ka6 Kf7
47. c4 Ke7 48. a5 Kd8 49. c5 Rd4 50. b5 Kc7 51. Kxa7 Rd5 52. b6+ Kc6 53. b7 Rd7
54. a6 Nxc5 55. Ka8 1-0

[Event "POLFINAL MISTRZOSTW POLSKI JUNIOROW 2019 - C17"]
[Site "Ustron"]
[Date "1899-12-30"]
[Round "1.8"]
[White "Gazda, Dominik"]
[Black "Wloch, Mikolaj"]
[Result "0-1"]
[WhiteTitle "I"]
[BlackTitle "I"]
[WhiteElo "1640"]
[BlackElo "1868"]

1. e4 e5 2. Nf3 Nc6 3. Bc4 Bc5 4. c3 Nf6 5. d4 exd4 6. cxd4 Bb4+ 7. Nc3 d5 8. exd5
Nxd5 9. O-O Bxc3 10. bxc3 O-O 11. Qc2 h6 12. Re1 Be6 13. Bd3 Qd6 14. a4 Rfd8 15.
Ba3 Qd7 16. Rab1 Nf4 17. Be4 f5 18. Bd3 Nxd3 19. Qxd3 Bd5 20. Ne5 Nxe5 21. Rxe5
Be4 22. Qc4+ Bd5 23. Qb4 Re8 24. Rbe1 Rxe5 25. Rxe5 Re8 26. f4 Rxe5 27. fxe5 Bc6
28. Qb3+ Qd5 29. Qxd5+ Bxd5 30. a5 Kf7 31. Kf2 Kg6 32. g3 Kh5 33. Bf8 g5 34. Ke3
Kg6 35. h4 f4+ 36. gxf4 gxh4 37. Kf2 h5 38. Kg1 Kf5 39. Kh2 Kxf4 40. Kh3 b6 41.
Bb4 Kg5 42. Be7+ Kf5 43. Bb4 Kg5 44. Be7+ Kf4 45. Bb4 Be6+ 46. Kxh4 Bg4 47. e6
Bxe6 48. Kxh5 Ke4 49. Kg5 Kd5 50. Kf6 Bh3 51. Ke7 Kc6 52. Kd8 Be6 53. Ke7 Bg8
54. Kd8 Bd5 55. Kc8 Be6+ 56. Kb8 a6 57. Ka7 Kb5 58. Kb7 bxa5 59. Bf8 c6 60. Be7
Bd5 61. Bc5 a4 62. Ka7 a5 63. Kb7 Kc4 64. Kb6 Kxc3 0-1

[Event "POLFINAL MISTRZOSTW POLSKI JUNIOROW 2019 - C17"]
[Site "Ustron"]
[Date "1899-12-30"]
[Round "1.9"]
[White "Iwanczuk, Krzysztof"]
[Black "Marciniak, Leonard"]
[Result "1-0"]
[WhiteTitle "I"]
[BlackTitle "I+"]
[WhiteElo "1857"]
[BlackElo "1634"]

1. d4 d5 2. Bf4 Nf6 3. e3 Bf5 4. c4 e6 5. Nc3 c6 6. Qb3 Qb6 7. c5 Qxb3 8. axb3
Nbd7 9. b4 a6 10. h3 Be7 11. Nf3 O-O 12. Be2 Rfe8 13. O-O Ne4 14. Nxe4 Bxe4 15.
Nd2 Bg6 16. Nb3 Bd8 17. b5 e5 18. dxe5 Nxe5 19. Bxe5 Rxe5 20. bxc6 bxc6 21. Nd4
f6 22. Nxc6 Re6 23. Nd4 Re8 24. Bxa6 Be7 25. b4 Ra7 26. Nb5 Rxa6 27. Rxa6 Bd3
28. Rb6 Bxf1 29. Kxf1 Rc8 30. Rb7 Kf8 31. Na7 Ra8 32. c6 Bd6 33. c7 Bxc7 34. Rxc7
Rb8 35. b5 1-0

[Event "POLFINAL MISTRZOSTW POLSKI JUNIOROW 2019 - C17"]
[Site "Ustron"]
[Date "1899-12-30"]
[Round "1.10"]
[White "Tomkowicz, Kamil"]
[Black "Kozlowski, Pawel"]
[Result "0-1"]
[WhiteTitle "I"]
[BlackTitle "I"]
[WhiteElo "1616"]
[BlackElo "1850"]

1. d4 e6 2. Bf4 f5 3. Nf3 Nf6 4. e3 b6 5. c4 Bb7 6. Nc3 Bb4 7. Bd3 O-O 8. O-O Bxc3
9. bxc3 d6 10. Nd2 Nbd7 11. Bg3 Qe8 12. f4 h6 13. Be2 Ne4 14. Nxe4 Bxe4 15. Bh4
Kh7 16. h3 Rg8 17. g4 g5 18. fxg5 hxg5 19. Bg3 Qg6 20. d5 exd5 21. gxf5 Qh6 22.
Bg4 dxc4 23. Qa4 Nf6 24. Qxc4 Nxg4 25. Qxe4 Nf6 26. Qg2 g4 27. Rf4 gxh3 28. Qxa8
Rxa8 29. Rh4 Nh5 30. Bf4 Qg7+ 0-1

[Event "POLFINAL MISTRZOSTW POLSKI JUNIOROW 2019 - C17"]
[Site "Ustron"]
[Date "1899-12-30"]
[Round "1.11"]
[White "Kukorowski, Jan"]
[Black "Skowron, Mateusz"]
[Result "1-0"]
[WhiteTitle "I+"]
[BlackTitle "I"]
[WhiteElo "1837"]
[BlackElo "1582"]

1. e4 c6 2. d4 d5 3. exd5 cxd5 4. c4 Nf6 5. Nc3 e6 6. Nf3 Nc6 7. c5 Be7 8. Bb5
O-O 9. O-O Qc7 10. Re1 b6 11. Bxc6 Qxc6 12. b4 Qe8 13. Bg5 Bb7 14. Rc1 Rc8 15.
Ne5 Nd7 16. Bxe7 Qxe7 17. c6 Nxe5 18. cxb7 Rxc3 19. Rxc3 Nc4 20. a3 Qxb7 21. Qg4
Qe7 22. Qf4 a6 23. h4 Re8 24. Rg3 Rf8 25. Qh6 g6 26. h5 Qf6 27. hxg6 hxg6 28.
Rh3 Qg7 29. Qf4 Re8 30. Rd1 Qf8 31. g4 e5 32. Qh2 Qg7 33. Kg2 Kf8 34. Rh8+ Ke7
35. Rxe8+ Kxe8 36. dxe5 Qxe5 37. Qxe5+ Nxe5 38. Re1 1-0

[Event "POLFINAL MISTRZOSTW POLSKI JUNIOROW 2019 - C17"]
[Site "Ustron"]
[Date "1899-12-30"]
[Round "1.12"]
[White "Drozdzal, Michal"]
[Black "Zerebiec, Maurycy"]
[Result "0-1"]
[WhiteTitle "II+"]
[BlackTitle "I"]
[WhiteElo "1509"]
[BlackElo "1825"]

1. e4 e6 2. d4 d5 3. Nc3 Bb4 4. Be3 Ne7 5. Bd3 b6 6. Nge2 c5 7. Ng3 Nbc6 8. Bb5
O-O 9. Nh5 e5 10. Bxc6 Nxc6 11. exd5 exd4 12. dxc6 dxe3 13. fxe3 Qxd1+ 14. Rxd1
Bg4 15. Rd5 Rad8 16. Nf4 Rfe8 17. Kf2 Bxc3 18. bxc3 Rc8 19. h3 Be6 20. Nxe6 fxe6
21. Rd6 Kf7 22. Ke2 Rc7 23. Rhd1 Rec8 24. Rf1+ Ke7 25. Rfd1 Rxc6 26. Rd7+ Kf6
27. Rf1+ Kg6 28. Rff7 Rg8 29. Rxa7 Rd6 30. c4 h6 31. c3 h5 32. a4 Kh6 33. Rad7
Rd8 34. Rxd8 Rxd8 35. Rb7 Rd6 36. Kf3 Kg6 37. Ke4 Kf6 38. h4 Rd2 39. Rxb6 Rxg2
40. a5 Rg4+ 41. Kd3 Rxh4 42. Rb1 Rh2 43. Ra1 Rb2 44. a6 Rb8 45. a7 Ra8 46. Ke4
g5 47. Kf3 Ke5 48. e4 g4+ 49. Ke3 h4 50. Ra5 Kd6 51. Ra6+ Kd7 52. Kf2 Ke7 53.
Kg2 Kf6 54. Kf2 Ke5 55. Kg2 Kf4 56. Kh2 e5 57. Kg2 Kxe4 58. Rh6 Rxa7 59. Rxh4
Kf4 60. Rh8 Ra2+ 61. Kf1 e4 62. Rf8+ Ke3 63. Rf5 g3 64. Rxc5 Kd3 65. Rg5 g2+ 66.
Kg1 Kxc4 67. Rg3 Re2 68. Rg8 Kxc3 69. Rd8 Rd2 70. Rc8+ Kd3 71. Rd8+ Ke3 72. Rf8
Kd3 73. Rd8+ Ke2 74. Rg8 e3 75. Rxg2+ Kf3 76. Rg8 Rd1+ 77. Kh2 Rd4 78. Rg3+ Kf2
79. Rg2+ Ke1 80. Kg3 e2 81. Kf3 Rd3+ 82. Ke4 Ra3 83. Kf4 Kd1 0-1

[Event "POLFINAL MISTRZOSTW POLSKI JUNIOROW 2019 - C17"]
[Site "Ustron"]
[Date "1899-12-30"]
[Round "1.13"]
[White "Rogala, Milosz"]
[Black "Drygas, Wojciech"]
[Result "1-0"]
[WhiteTitle "II+"]
[BlackTitle "II"]
[WhiteElo "1812"]
[BlackElo "1477"]

1. e4 c5 2. Nf3 d6 3. d4 cxd4 4. Nxd4 Nf6 5. Nc3 g6 6. Be3 Bg7 7. f3 O-O 8. Qd2
Nc6 9. Bc4 Bd7 10. O-O Rc8 11. Bb3 Ne5 12. Qe2 a6 13. Kh1 b5 14. a4 b4 15. Nb1
a5 16. Nd2 Nc6 17. Rad1 Nxd4 18. Bxd4 Bc6 19. Nc4 Nd7 20. e5 d5 21. e6 fxe6 22.
Qxe6+ Kh8 23. Ne5 Rf6 24. Nf7+ Rxf7 25. Qxf7 e5 26. Bf2 d4 27. f4 Nc5 28. fxe5
Qg5 29. Bg3 Ne4 30. Qe6 Nxg3+ 31. hxg3 Qh6+ 32. Kg1 Qe3+ 33. Kh2 Bb7 34. Rf3 Qh6+
35. Kg1 Bxf3 36. Qxc8+ Bf8 37. gxf3 Qe3+ 38. Kg2 Qe2+ 39. Kh3 Qxf3 40. Qg4 Qf2
41. Qf4 1-0

[Event "POLFINAL MISTRZOSTW POLSKI JUNIOROW 2019 - C17"]
[Site "Ustron"]
[Date "1899-12-30"]
[Round "1.14"]
[White "Wilgosz, Jan"]
[Black "Distel, Pawel"]
[Result "0-1"]
[WhiteTitle "II"]
[BlackTitle "I"]
[WhiteElo "1477"]
[BlackElo "1809"]

1. e4 d6 2. d4 Nf6 3. Nc3 g6 4. f4 Bg7 5. Nf3 O-O 6. e5 dxe5 7. fxe5 Nd5 8. Ne4
Bf5 9. Ng3 Bg4 10. Be2 c5 11. c3 Nc6 12. O-O cxd4 13. cxd4 Qb6 14. Kh1 Rad8 15.
Ng5 Bxe2 16. Nxe2 Nc7 17. Qb3 Nxd4 18. Nxd4 Rxd4 19. Be3 Qxb3 20. axb3 Rd3 21.
Bc5 h6 22. Nf3 Re8 23. Rxa7 Rxb3 24. Rd1 Rxb2 25. Rd7 Ne6 26. Bxe7 Rb1+ 27. Ng1
Bxe5 28. Raxb7 Rf1 29. Bd6 Bd4 30. h3 Bxg1 31. Re7 Bd4+ 32. Kh2 Rxe7 33. Bxe7
Be5+ 34. g3 Rf2+ 35. Kg1 Rf3 36. Rb5 Bxg3 37. Kg2 Rd3 38. Bf6 Nf4+ 39. Kf1 Rd1#
0-1

[Event "POLFINAL MISTRZOSTW POLSKI JUNIOROW 2019 - C17"]
[Site "Ustron"]
[Date "1899-12-30"]
[Round "1.15"]
[White "Majocha, Piotr"]
[Black "Szeliga, Sebastian"]
[Result "1-0"]
[WhiteTitle "I++"]
[BlackTitle "I"]
[WhiteElo "1803"]
[BlackElo "1473"]

1. Nf3 Nf6 2. c4 b6 3. g3 Bb7 4. Bg2 e6 5. O-O Be7 6. Nc3 O-O 7. d4 d6 8. Qc2 Nbd7
9. e4 e5 10. d5 Re8 11. Be3 Nf8 12. b4 Ng6 13. h3 Rf8 14. Nd2 Bc8 15. c5 bxc5
16. bxc5 dxc5 17. Na4 Nd7 18. Nxc5 Bd6 19. Rac1 Nb6 20. Nc4 Nxc4 21. Qxc4 Ne7
22. Rfd1 Kh8 23. Na6 Bxa6 24. Qxa6 Qc8 25. Qa4 a6 26. Bc5 Qd8 27. Rd2 Bxc5 28.
Rxc5 Qd6 29. Rdc2 Rfc8 30. Qc4 Ra7 31. h4 g6 32. Qc3 Kg8 33. Qe3 Rb7 34. Bf1 Kg7
35. Bh3 Ra8 36. Qc3 Raa7 37. f4 f6 38. fxe5 fxe5 39. Be6 Rb1+ 40. Kg2 c6 41. Qf3
Nxd5 42. exd5 cxd5 43. Qxd5 Qf8 44. Qxe5+ Kh6 45. Qg5+ Kg7 46. Rc7+ Rxc7 47. Rxc7+
1-0

[Event "POLFINAL MISTRZOSTW POLSKI JUNIOROW 2019 - C17"]
[Site "Ustron"]
[Date "1899-12-30"]
[Round "1.16"]
[White "Kucza, Arkadiusz"]
[Black "Zareba, Maciej"]
[Result "0-1"]
[WhiteTitle "II"]
[BlackTitle "I"]
[WhiteElo "1384"]
[BlackElo "1796"]

1. e4 d5 2. exd5 Qxd5 3. Nc3 Qa5 4. d4 Nf6 5. Bc4 Bf5 6. Nge2 Nbd7 7. O-O e6 8.
Bd2 c6 9. a3 Qc7 10. Ng3 Bg6 11. h3 Nb6 12. Bb3 O-O-O 13. Nce2 Bd6 14. Bg5 h6
15. Bxf6 gxf6 16. c4 f5 17. f4 c5 18. d5 exd5 19. cxd5 c4 20. Bc2 Bc5+ 21. Kh2
Nxd5 22. Qb1 Ne3 23. Rf3 h5 24. b4 cxb3 25. Qxb3 Nxc2 26. Qxc2 Bg1+ 27. Kxg1 Qxc2
28. Rc3+ Qxc3 29. Nxc3 h4 30. Nge2 Bh5 31. Nc1 Rhg8 32. Kf2 Rd2+ 33. N1e2 Bxe2
34. Nxe2 Re8 35. Re1 Kb8 36. Kf1 Ra2 37. Nd4 Rxe1+ 38. Kxe1 Rxg2 0-1

[Event "POLFINAL MISTRZOSTW POLSKI JUNIOROW 2019 - C17"]
[Site "Ustron"]
[Date "1899-12-30"]
[Round "1.17"]
[White "Grochowski, Michal"]
[Black "Kocierz, Pawel"]
[Result "1-0"]
[WhiteTitle "I"]
[BlackTitle "II"]
[WhiteElo "1778"]
[BlackElo "1350"]

1. c4 Nf6 2. g3 g6 3. Bg2 Bg7 4. Nf3 O-O 5. O-O d6 6. Nc3 e5 7. Rb1 a5 8. d3 Na6
9. a3 c6 10. Qc2 Qc7 11. b4 Nd7 12. Bd2 d5 13. cxd5 cxd5 14. Rfc1 axb4 15. axb4
d4 16. Ne4 Qxc2 17. Rxc2 f5 18. Nd6 Nb6 19. b5 Nb8 20. Ng5 Ra7 21. Nxc8 Rxc8 22.
Bd5+ Kf8 23. Bb4+ Ke8 24. Bf7+ Kd8 25. Ne6+ Kd7 26. Rxc8 1-0

[Event "POLFINAL MISTRZOSTW POLSKI JUNIOROW 2019 - C17"]
[Site "Ustron"]
[Date "1899-12-30"]
[Round "1.18"]
[White "Bienias, Michal"]
[Black "Michalowski, Patryk"]
[Result "0-1"]
[WhiteTitle "III"]
[BlackTitle "I"]
[WhiteElo "1285"]
[BlackElo "1769"]

1. e4 c5 2. Nf3 Nc6 3. d4 cxd4 4. Nxd4 Nf6 5. Nc3 e5 6. Nb3 Bb4 7. Bd3 d5 8. O-O
Bxc3 9. bxc3 dxe4 10. Bc4 Qxd1 11. Rxd1 O-O 12. Bg5 h6 13. Bxf6 gxf6 14. Rd6 Kg7
15. Bd5 Bf5 16. Nc5 Rad8 17. Nxb7 Rxd6 18. Nxd6 Ne7 19. Bxe4 Bxe4 20. Nxe4 Rc8
21. Rd1 f5 22. Nd6 Rxc3 23. Rd2 a5 24. f4 e4 25. Nb5 Rc5 26. Nd4 a4 27. g4 fxg4
28. Re2 Kf6 29. Rxe4 Nf5 30. Nxf5 Kxf5 31. Rxa4 Rxc2 32. Ra7 f6 33. Ra6 Ke4 34.
Re6+ Kf3 35. Re1 Rg2+ 36. Kh1 Rxa2 37. Rf1+ Rf2 38. Ra1 Kxf4 39. Ra4+ Kg5 40.
Kg1 Rb2 41. Ra8 f5 42. Rg8+ Kf4 43. Rh8 Kf3 44. h3 g3 0-1

[Event "POLFINAL MISTRZOSTW POLSKI JUNIOROW 2019 - C17"]
[Site "Ustron"]
[Date "1899-12-30"]
[Round "1.19"]
[White "Ossolinski, Ziemowit"]
[Black "Karas, Kacper"]
[Result "1-0"]
[WhiteTitle "I+"]
[BlackTitle "II"]
[WhiteElo "1765"]
[BlackElo "1133"]

1. e4 g6 2. d4 Bg7 3. Nf3 d6 4. Be3 Nf6 5. Nc3 Nbd7 6. h3 O-O 7. Qd2 a6 8. a4 c5
9. Bd3 cxd4 10. Bxd4 Nc5 11. O-O Nxd3 12. cxd3 Be6 13. a5 Rc8 14. Na4 Nd7 15.
Bxg7 Kxg7 16. Nd4 Ne5 17. Nb6 Rc7 18. f4 Nc6 19. Qc3 Nxd4 20. Qxd4+ f6 21. Rac1
Bd7 22. Qe3 e5 23. d4 Re8 24. Rxc7 Qxc7 25. Rc1 Qd8 26. Qa3 Bc6 27. d5 Bb5 28.
Nc8 exf4 29. Nxd6 Re7 30. Rc8 Qd7 31. Qc5 f5 32. Nxb5 axb5 33. d6 b6 34. Qc3+
Kh6 35. dxe7 Qxe7 36. exf5 bxa5 37. fxg6 hxg6 38. Qh8+ Kg5 39. Qd8 1-0

[Event "POLFINAL MISTRZOSTW POLSKI JUNIOROW 2019 - C17"]
[Site "Ustron"]
[Date "1899-12-30"]
[Round "1.20"]
[White "Rudzinski, Damian"]
[Black "Dytman, Radoslaw"]
[Result "0-1"]
[WhiteTitle "II"]
[BlackTitle "I"]
[WhiteElo "1015"]
[BlackElo "1758"]

1. e4 d5 2. exd5 Nf6 3. Nc3 Nxd5 4. Nxd5 Qxd5 5. Nf3 Bg4 6. Be2 Nc6 7. O-O O-O-O
8. d3 e5 9. Nd2 Bxe2 10. Qxe2 Nd4 11. Qd1 Be7 12. Ne4 f5 13. Nc3 Qc6 14. Be3 Bf6
15. Bxd4 Rxd4 16. Qc1 h5 17. Ne2 Rd7 18. a4 h4 19. Qe3 h3 20. gxh3 Rh6 21. f4
Rg6+ 22. Ng3 e4 23. Qc1 Bd4+ 24. Rf2 Qb6 25. Qe1 Qxb2 0-1

[Event "POLFINAL MISTRZOSTW POLSKI JUNIOROW 2019 - C17"]
[Site "Ustron"]
[Date "1899-12-30"]
[Round "2.1"]
[White "Zerebiec, Maurycy"]
[Black "Maciejewski, Kamil"]
[Result "1-0"]
[WhiteTitle "I"]
[BlackTitle "I+"]
[WhiteElo "1825"]
[BlackElo "2007"]

1. e4 e6 2. d4 d5 3. exd5 exd5 4. Bd3 Nc6 5. Ne2 Bd6 6. O-O Bg4 7. f3 Bh5 8. Bf4
Nge7 9. c3 Bg6 10. Qc2 Qd7 11. Nd2 O-O 12. Rfe1 Rfe8 13. Bxd6 Qxd6 14. Nf1 Bxd3
15. Qxd3 Ng6 16. Neg3 Re6 17. Rxe6 Qxe6 18. Qd2 Re8 19. f4 Nh4 20. Kf2 Nb8 21.
Ne3 Nd7 22. f5 Qh6 23. Nef1 Nf6 24. h3 Nxf5 25. Nxf5 Ne4+ 26. Kg1 Qxd2 27. Nxd2
Nxd2 28. Rd1 Ne4 29. Re1 Kf8 30. Ne3 c6 31. Nd1 Nd6 32. Rxe8+ Kxe8 33. Nf2 Ke7
34. Nd3 Ne4 35. Kf1 f6 36. Ke2 Ke6 37. Nf4+ Kf5 38. Ke3 g5 39. g4# 1-0

[Event "POLFINAL MISTRZOSTW POLSKI JUNIOROW 2019 - C17"]
[Site "Ustron"]
[Date "1899-12-30"]
[Round "2.2"]
[White "Kulesza, Andrzej"]
[Black "Rogala, Milosz"]
[Result "1/2-1/2"]
[WhiteTitle "I+"]
[BlackTitle "II+"]
[WhiteElo "1971"]
[BlackElo "1812"]

1. e4 c6 2. d4 d5 3. Nc3 dxe4 4. Nxe4 Bf5 5. Ng3 Bg6 6. h4 h6 7. h5 Bh7 8. Nf3
Nd7 9. Bd3 Bxd3 10. Qxd3 Ngf6 11. Bf4 Qa5+ 12. Bd2 Qc7 13. O-O-O e6 14. Ne4 O-O-O
15. g3 Nc5 16. Nxc5 Bxc5 17. c4 Bd6 18. Bc3 Rd7 19. Qe2 Rhd8 20. Ne5 Bxe5 21.
dxe5 Rxd1+ 22. Rxd1 Rxd1+ 23. Kxd1 Nd7 24. Kc2 Kd8 25. f4 Ke8 26. b3 Qb6 27. Qe1
a6 28. g4 Qc5 29. Kb2 b5 30. cxb5 cxb5 31. a3 Qd5 32. Qd2 Qf3 33. Ba5 Qe4 34.
Qc2 Qxc2+ 35. Kxc2 Nb8 36. Kd3 Nc6 37. Bc3 Kf8 38. Ke4 Kg8 39. f5 Kh7 40. a4 Kg8
41. f6 g5 42. axb5 axb5 43. Bd4 Kf8 44. Bc5+ Kg8 45. Bd6 Na5 46. b4 Nc6 47. Be7
Kh8 48. Bf8 Kh7 49. Bc5 Kg8 50. Bd6 Kh8 51. Ke3 Kg8 52. Kd3 Kh8 53. Ke4 Kg8 54.
Be7 Kh8 55. Bf8 Kh7 56. Bc5 Kh8 57. Bd6 1/2-1/2

[Event "POLFINAL MISTRZOSTW POLSKI JUNIOROW 2019 - C17"]
[Site "Ustron"]
[Date "1899-12-30"]
[Round "2.3"]
[White "Cisek, Kamil"]
[Black "Majocha, Piotr"]
[Result "1/2-1/2"]
[WhiteTitle "I+"]
[BlackTitle "I++"]
[WhiteElo "1963"]
[BlackElo "1803"]

1. d4 Nf6 2. c4 g6 3. g3 Bg7 4. Bg2 d5 5. cxd5 Nxd5 6. Nf3 O-O 7. O-O Nb6 8. Nc3
Nc6 9. e3 e5 10. d5 Ne7 11. e4 Bg4 12. h3 Bxf3 13. Qxf3 c6 14. Rd1 cxd5 15. exd5
Nf5 16. Be3 Nxe3 17. Qxe3 Nc4 18. Qe2 Nd6 19. Ne4 Nxe4 20. Qxe4 Qd6 21. Rac1 Rac8
22. Qa4 a6 23. Qa3 Qxa3 24. bxa3 Rxc1 25. Rxc1 Rd8 26. Rc7 Bf8 27. Rxb7 Bxa3 28.
Ra7 Rd6 29. Bf1 Bc5 30. Rc7 Bd4 31. Rc6 Rxd5 32. Bc4 Rc5 33. Rxc5 Bxc5 34. Bxa6
1/2-1/2

[Event "POLFINAL MISTRZOSTW POLSKI JUNIOROW 2019 - C17"]
[Site "Ustron"]
[Date "1899-12-30"]
[Round "2.4"]
[White "Grochol, Kamil"]
[Black "Grochowski, Michal"]
[Result "1/2-1/2"]
[WhiteTitle "I"]
[BlackTitle "I"]
[WhiteElo "1896"]
[BlackElo "1778"]

1. d4 Nf6 2. Bf4 g6 3. Nc3 d5 4. e3 Bg7 5. h4 h5 6. Nf3 a6 7. Be2 b5 8. Ne5 Be6
9. Bf3 c6 10. Qe2 Qc8 11. e4 Nbd7 12. Nxd7 Qxd7 13. e5 Ng4 14. a4 Qb7 15. O-O
Nh6 16. Bxh6 Bxh6 17. b4 O-O 18. a5 Qd7 19. Rfe1 Kh7 20. Nd1 Rg8 21. Kh2 g5 22.
hxg5 Rxg5 23. Rh1 Rag8 24. Kg1 Bh3 25. Ne3 R5g6 26. Kf1 Bxe3 27. Qxe3 Bg4 28.
g3 Qf5 29. Be2 Bxe2+ 30. Qxe2 Rh6 31. Qd3 Qxd3+ 32. cxd3 Rg4 33. Rh4 Rxh4 34.
gxh4 Kg6 35. Kg2 Kf5 36. Kf3 Rg6 37. Ke4+ Kxe5+ 1/2-1/2

[Event "POLFINAL MISTRZOSTW POLSKI JUNIOROW 2019 - C17"]
[Site "Ustron"]
[Date "1899-12-30"]
[Round "2.5"]
[White "Distel, Pawel"]
[Black "Bojczewski, Mateusz"]
[Result "1-0"]
[WhiteTitle "I"]
[BlackTitle "I+"]
[WhiteElo "1809"]
[BlackElo "1895"]

1. e4 c6 2. d4 d5 3. Nc3 dxe4 4. Nxe4 Nd7 5. Ng5 h6 6. Ne6 Qa5+ 7. Bd2 Qb6 8. Nxf8
Nxf8 9. c3 Bf5 10. b4 Nf6 11. Bc4 N8d7 12. Ne2 O-O 13. O-O Ne4 14. Ng3 Nxg3 15.
hxg3 Nf6 16. Qf3 Be4 17. Qf4 Bd5 18. Bd3 Be6 19. Rfe1 Qd8 20. Qh4 Qd7 21. Re5
Ng4 22. Rg5 f5 23. Rg6 Kh7 24. Rxg4 Kg8 25. Qxh6 fxg4 26. Qh7+ Kf7 27. Qh5+ Kg8
28. Bh7+ 1-0

[Event "POLFINAL MISTRZOSTW POLSKI JUNIOROW 2019 - C17"]
[Site "Ustron"]
[Date "1899-12-30"]
[Round "2.6"]
[White "Wloch, Mikolaj"]
[Black "Ossolinski, Ziemowit"]
[Result "0-1"]
[WhiteTitle "I"]
[BlackTitle "I+"]
[WhiteElo "1868"]
[BlackElo "1765"]

1. e4 c5 2. Nf3 e6 3. d4 cxd4 4. Nxd4 a6 5. Nc3 Qc7 6. Bd3 Bc5 7. Nb3 Be7 8. O-O
Nf6 9. Be3 d6 10. a4 Nbd7 11. a5 Nc5 12. f4 Bd7 13. Qe2 Rc8 14. Bf2 Nxd3 15. cxd3
Bc6 16. Bb6 Qd7 17. Nd2 O-O 18. Nc4 Bb5 19. Nxb5 Qxb5 20. Na3 Qb3 21. Rac1 d5
22. Nb1 dxe4 23. dxe4 Qb4 24. Nc3 Bc5+ 25. Kh1 Bxb6 26. axb6 Qxb6 27. g4 Rfe8
28. g5 Nd7 29. Rcd1 Nf8 30. Rd3 Rcd8 31. Rh3 Qd6 32. e5 Qc6+ 33. Kg1 Rd4 34. Qf2
Red8 35. f5 Rd2 36. Qg3 exf5 37. Rxf5 Qg6 38. Rf2 Rxf2 39. Kxf2 Rd2+ 40. Ne2 Rxb2
41. Rh4 a5 42. Rd4 Qb6 43. Qc3 Rb4 44. Ke1 Rb1+ 45. Kd2 g6 46. Nf4 Qb2+ 47. Kd3
Rd1+ 48. Kc4 Rc1 49. Qxc1 Qxc1+ 50. Kb5 Qb2+ 51. Kc5 Qc3+ 52. Rc4 Qxe5+ 53. Nd5
Nd7+ 0-1